000 00538nam a2200229Ia 4500
003 OSt
005 20220912153037.0
006 a|||||r|||| 00| 0
007 ta
008 220909b |||||||| |||| 00| 0 eng d
024 _a24121
037 _cTextual
040 _aCSL
_beng
_cCSL
041 _aeng
082 _aU181f, L0-;2
100 _aUpton W B
245 0 _aLandforms and topographic maps
260 _c1970
300 _ap.
_ccm.
942 _hU181f, L0-;2
_cTEXL
_2CC
999 _c97040
_d97040